00422nam a2200157 a 4500008004100000020001500041050001600056100001900072245003400091250001200125260003500137300002300172350000900195650003400204700002600238120416s1995 ||||||||||||||||| || u a0412608103 aHG 4026 Sam aBrayshaw, R. E10aManagement of company finance a6th ed. aLondonbChapman and Hallc1995 axvi, 1040p. : ill. a0.00 0aFINANCE--DEVELOPING COUNTRIES aSamuels, John Malcolm